The French in the Mississippi Valley, 1740-1750.

Bibliographic Details
Main Author: Caldwell, Norman Ward, 1905-1958
Format: Book
Language:English
Published: Philadelphia : Porcupine Press, 1974.
Series:Illinois studies in the social sciences ; v. 26, no. 3.
Perspectives in American history (Philadelphia) ; no. 2.
Subjects:

MARC

Tag First Indicator Second Indicator Subfields
LEADER 00000pam a2200000 4500
001 in00000217613
005 20151009080331.0
008 731025r19741941paub b 00000 eng
010 |a  73018443  
020 |a 0879913304 
035 |a (OCoLC)00741076 
035 |9 AAZ5109AM 
040 |a DLC  |c DLC  |d TXA  |d UtOrBLW 
043 |a e-fr---  |a n------  |a n-usm-- 
049 |a TXAM  |c [1372069] 
050 0 0 |a F352  |b .C33 1974 
082 0 |a 977/.01 
090 |a H31  |b .I4 v. 26, no. 3, 1974 
100 1 |a Caldwell, Norman Ward,  |d 1905-1958. 
245 1 4 |a The French in the Mississippi Valley, 1740-1750. 
264 1 |a Philadelphia :  |b Porcupine Press,  |c 1974. 
300 |a 113 pages :  |b map. ;  |c 23 cm. 
336 |a text  |b txt  |2 rdacontent 
337 |a unmediated  |b n  |2 rdamedia 
338 |a volume  |b nc  |2 rdacarrier 
490 1 |a Perspectives in American history, no. 2 
500 |a Reprint of the 1941 edition published by the University of Illinois Press, Urbana, which was issued as volume 26, number 3 of Illinois studies in the social sciences. 
504 |a Bibliography: pages 103-110. 
650 0 |a French  |z Mississippi River Valley. 
651 0 |a Mississippi River Valley  |x History  |y To 1803. 
651 0 |a France  |x Colonies  |z North America. 
830 0 |a Illinois studies in the social sciences ;  |v v. 26, no. 3. 
830 0 |a Perspectives in American history (Philadelphia) ;  |v no. 2. 
999 |a MARS 
999 f f |s e8784c8e-4657-3828-a890-9195deded77c  |i 406f288c-a017-36f3-b328-9a67f3ea97b1  |t 0 
952 f f |p ric  |a Texas A&M University  |b Rellis Campus  |c Joint Library Facility  |d Remote Storage  |t 0  |e H31 .I4 v.26, no.3, 1974  |h Library of Congress classification  |i unmediated -- volume  |m A14802502762 
998 f f |a H31 .I4 v.26, no.3, 1974  |t 0  |l Remote Storage